000 00556nam a2200205Ia 4500
001 15170
008 210811s1947 ii a g b000 u asm u
082 _a891.41182
100 _aSarma, Lakkheswar .
245 0 _aKabita Kunja /
_cLakkheswar Sarma.
_hTextual Documents
250 _a5th ed. /
260 _aGuwahati :
_bPoal Ch. Duwara ,
_c1947.
300 _a88p. :
_bill ;
_c22cm .
500 _a470/Ref/Ass
653 _aAssamese Poetry-Collections
653 _aG-Assamese
653 _aT/G-Assamese
653 _aRef- Assamese
942 _2ddc
_cBK
999 _c15156
_d15156